00423 2200169 4500001002100000005001500021008004100036035001900077041000700096082000800103090001400111100001600125245003500141260004100176300001700217650001900234INLIS00000000001439120241224114733241224||||||||| | ||| |||| || |  0010-1224014391 aen0 a420 a420 VYA p0 aPREETA VYAS00aPropositions For Beginners Out aJakartabElek Media Komputindoc2008 a8hlm;15x20cm 0abahasa inggris